00830nam a2200193 a 450000100100000000500170001000800410002702000150006804000250008308200130010810000320012124501280015326001530028130000280043450400310046204900090049395201170050299900170061900002555320200930023855.0110217s2000 ve r 000 0 spa d a9803275569 aDO-SdBNPbspacBNPHU ann*bnn*1 aRubio-Palis, Yasmin.95222410aAnopheles (nyssorhynchus) de Venezuela :btaxonomía, bionomía, ecología e importancia médica /cYasmin Rubio-Palis. aMaracay, Venezuela :bEscuela de Malariología y Saneamiento Ambiental "Dr. Amoldo Gabaldon" ;bProyecto Contro de Enfermedades Endémicas,c2000. a120 p. :bil. ;c23 cm. aBibliografía : 98-118 p. aBNGR 001054708MOaGRbGRcCTd2011-02-17iLF1l0onn* nn*p25553-10r2020-06-25w2020-06-25y4ZPréstamo en sala c25045d25045